000 00496nam a2200193Ia 4500
008 240509s9999 xx 000 0 und d
020 _a0008131703207
041 _aEng
082 _a658
082 _bB59
100 _aBOZARTH, C.C.: HANDFIELD, R.B.:
245 0 _aINTRODUCTION TO OPERATIONS AND SUPPLY CHAIN MANAGEMENT
260 _bPEARSON EDUCATION INDIA
260 _c2006
300 _a551 p.
650 _aMANAGEMENT : SUPPLY CHAIN MANAGEMENT
942 _2ddc
942 _cLBK
999 _c23205
_d23205
945 _a1
_bMadushi Gamage
_c1
_dMadushi Gamage